Städte in China - Sudden Death - Statistiken

Allgemein
  • Dieses Quiz wurde 421 mal gespielt
  • Das Durchschnittsergebnis liegt bei 6 aus 15
Answers on the Grid
Answers color-coded by a green-red scale on the quiz's grid according to % correct below.
Busan
Chengdu
Chiang Mai
Chiba
Dali
Danang
Guangzhou
Hagen
Haishenwai
Handan
Hanoi
Harbin
Ho-Chi-Minh-Stadt
Hohhot
Jiuquan
Lhasa
Lünen
Luanda
Luang Prabang
Luoyang
Nanning
Pohang
Qingdao
Ulan-Ude
Ürümqi
Wuhan
Wuhu
Xanten
Xi'an
Yangon
 
Antwortstatistiken
Antwort % Korrekt
Guangzhou
75%
Chengdu
72%
Wuhan
69%
Xi'an
66%
Qingdao
48%
Ürümqi
39%
Harbin
37%
Lhasa
37%
Nanning
36%
Luoyang
34%
Jiuquan
27%
Wuhu
20%
Handan
15%
Hohhot
15%
Dali
8%
Keine übereinstimmenden Quizze gefunden
Verteilung der Resultate
Anzahl Personen mit jedem Resultat
Perzentil nach korrekt beantworteten Fragen
Ihre Resultats-Entwicklung
Sie haben dieses Quiz noch nicht gespielt